000
00296nam a22001337a 4500
008
180226b xxu||||| |||| 00| 0 eng d
020
_a
9780132537209
041
_a
eng
080
_a
37
100
_a
47
101
_a
EDU
245
_a
Prentice hall writing coaching
_c
Pearson
942
_2
udc
_c
BK
999
_c
43424
_d
43424